Louisiana History: The Journal of the Louisiana Historical Association

محفوظ في:

التنسيق: دورية

اللغة: Undetermined

منشور في: JSTOR
Louisiana Historical Association

الموضوعات:

الوصول للمادة أونلاين: Login to view Source

الوسوم: إضافة وسم

لا توجد وسوم, كن أول من يضع وسما على هذه التسجيلة!

رقم الطلب:

LEADER 00687nas a2200193Ia 4500
008 220214c99999999xx |||||||||||| ||und||
022 |a 0024-6816 
022 |a 2328-4285 
245 0 0 |a Louisiana History: The Journal of the Louisiana Historical Association 
264 1 |b JSTOR 
264 1 |b Louisiana Historical Association 
362 0 |a Vol. 1(1960)-62 (2021) 
500 |a Content for this title is released as soon as the latest issues become available to JSTOR. 
653 1 0 |a Area Studies 
653 1 0 |a History 
856 4 0 |u https://www.jstor.org/journal/louihist 
942 |c JL 
952 |0 0  |1 0  |4 0  |7 1  |9 36098  |a JSR  |b JSR  |d 2022-02-14  |l 0  |r 2022-02-14 00:00:00  |w 2022-02-14  |y JL 
999 |c 44431  |d 44431